|
|
|
|
| LEADER |
00000cab a2200000 a 4500 |
| 001 |
vtls000759000 |
| 003 |
SK-MaSNL |
| 005 |
20260304195313.0 |
| 008 |
160314c2000 xo | | 0 slo |
| 015 |
|
|
|a SNBRB2001/06-17240
|
| 035 |
|
|
|a CLN000110787
|
| 040 |
|
|
|a SNKBUCL
|b slo
|c SNKBUCL
|e AACR2
|
| 041 |
0 |
|
|a slo
|
| 044 |
|
|
|a xo
|c SK
|
| 080 |
|
|
|a 82.09:885.4-3(048)
|2 1997
|
| 080 |
|
|
|a 885.4-3(048)
|2 1997
|
| 100 |
1 |
|
|a Herec, Ondrej,
|d 1944-2020
|4 aut
|9 105636
|
| 245 |
1 |
0 |
|a Dobré, silné, čiže, Fantasy po slovensky
|c Ondrej Herec
|
| 650 |
0 |
7 |
|a slovenské romány
|2 snkbucl
|9 103163
|
| 655 |
|
7 |
|a recenzie
|2 snkbucl
|9 21907
|
| 655 |
|
7 |
|a články z novín a časopisov
|2 snkbucl
|9 267496
|
| 655 |
|
7 |
|a články z odboru literárna veda a krásna literatúra
|2 snkbucl
|9 770045
|
| 773 |
0 |
|
|t Knižná revue
|g Roč. 10, č. 20 (2000), s. 5
|x 1210-1982
|
| 787 |
0 |
8 |
|i Rec.:
|a Konkol, Štefan
|t Miešanci
|d Bratislava : Epos, 2000
|z 8088977258
|w SK01SNK20000349659
|
| 787 |
0 |
8 |
|i Rec.:
|a Pavelková, Alexandra
|t Miešanci
|d Bratislava : Epos, 2000
|z 8088977258
|w SK01SNK20000349659
|
| 850 |
|
|
|a Slovenská národná knižnica
|
| 852 |
|
|
|a Slovenská národná knižnica
|
| 958 |
|
|
|a LX
|
| 958 |
|
|
|a SK
|
| 958 |
|
|
|a RC
|
| 958 |
|
|
|a RBX
|
| 999 |
|
|
|c 3080849
|d 3082779
|